| 000 | 03595nam a2201141 c 4500 | ||
|---|---|---|---|
| 003 | PE-LiUPU | ||
| 005 | 20250813185711.0 | ||
| 008 | 240625b |||||||| |||| 00| 0 spa d | ||
| 040 |
_aSpMaBN _bspa _cPE-LiUPU _erda _dPE-LiUPU |
||
| 082 |
_223 _a341.8 _bC961é |
||
| 100 | 1 |
_aCuadros Villena, Carlos Ferdinand, _eautor. _94221 |
|
| 245 | 1 | 0 |
_aÉtica de la abogacía y deontología forense / _cCarlos Ferdinand Cuadros Villena. |
| 264 | 1 |
_aLima : _bFECAT, _c[19__]. |
|
| 300 |
_a370 páginas ; _c21 centímetros. |
||
| 336 |
_aTexto _2rdacontent |
||
| 337 |
_asin mediación _2rdamedia |
||
| 338 |
_avolumen _2rdacarrier |
||
| 504 | _aBibliografía: páginas 363-370 | ||
| 505 | _aÉTICA DE LA ABOGACÍA -- Sistemática -- Trascendencia de la abogacía -- Crisis de la ética de la abogacía -- La abogacía en la sociedad subdesarrollada -- Manifestaciones y causas de la crisis de la ética de la abogacía -- Técnicas adecuadas para el resguardo de la ética en el ejercicio profesional -- La misión de la universidad en la enseñanza de la ética de la abogacía -- Contenido de la enseñanza a impartir -- Autonomía de la especialidad. Su inclusión como materia de enseñanza -- Métodos de enseñanza -- DEONTOLOGÍA FORENSE -- La relación profesional -- Relaciones del abogado con la autoridad -- Deberes del abogado para con el abogado adversario y las partes del proceso -- El prevaricato de abogados y mandatarios judiciales -- La autocomposición -- El secreto profesional -- Violación del secreto profesional -- El lenguaje forense -- El honorario profesional -- El pacto de cuitalitis -- Responsabilidad del abogado por el proceso insulso -- La moral del juez -- Sistemas de provisión de los jueces -- La moral del miembro del ministerio público -- La moral del notario -- El código de ética profesional. | ||
| 526 | _aP202 | ||
| 526 | _aP201 | ||
| 526 | _aP163 | ||
| 526 | _aP162 | ||
| 526 | _aP161 | ||
| 526 | _aP160 | ||
| 526 | _aP148 | ||
| 526 | _aP147 | ||
| 526 | _aP146 | ||
| 526 | _aP145 | ||
| 526 | _aP144 | ||
| 526 | _aP143 | ||
| 526 | _aP142 | ||
| 526 | _aP141 | ||
| 526 | _aP140 | ||
| 526 | _aP139 | ||
| 526 | _aP138 | ||
| 526 | _aP137 | ||
| 526 | _aP136 | ||
| 526 | _aP135 | ||
| 526 | _aP134 | ||
| 526 | _aP133 | ||
| 526 | _aP129 | ||
| 526 | _aP128 | ||
| 526 | _aP127 | ||
| 526 | _aP120 | ||
| 526 | _aP119 | ||
| 526 | _aP118 | ||
| 526 | _aP116 | ||
| 526 | _aP115 | ||
| 526 | _aP114 | ||
| 526 | _aP110 | ||
| 526 | _aP109 | ||
| 526 | _aP108 | ||
| 526 | _aP104 | ||
| 526 | _aP103 | ||
| 526 | _aP102 | ||
| 526 | _aP99 | ||
| 526 | _aP98 | ||
| 526 | _aP97 | ||
| 526 | _aP96 | ||
| 526 | _aP95 | ||
| 526 | _aP93 | ||
| 526 | _aP90 | ||
| 526 | _aP89 | ||
| 526 | _aP88 | ||
| 526 | _aP83 | ||
| 526 | _aP82 | ||
| 526 | _aP62 | ||
| 526 | _aP59 | ||
| 526 | _aP58 | ||
| 526 | _aP57 | ||
| 526 | _aP51 | ||
| 526 | _aP49 | ||
| 526 | _aP48 | ||
| 526 | _aP47 | ||
| 526 | _aP29 | ||
| 526 | _aP24 | ||
| 526 | _aP20 | ||
| 526 | _aP19 | ||
| 526 | _aP17 | ||
| 526 | _aP15 | ||
| 526 | _aP14 | ||
| 526 | _aP12 | ||
| 526 | _aP10 | ||
| 526 | _aP09 | ||
| 526 | _aP08 | ||
| 526 | _aP07 | ||
| 526 | _aP06 | ||
| 526 | _aP05 | ||
| 526 | _aP04 | ||
| 526 | _aP01 | ||
| 530 | _aDisponible también en línea | ||
| 650 | 1 | 7 |
_aAbogados _xMoral profesional _2embne |
| 650 | 1 | 8 |
_aÉtica legal _94222 |
| 901 | _a"ISBN" | ||
| 942 |
_2ddc _cBK |
||
| 999 |
_c62503 _d62502 |
||
| 980 |
_618226 _aJaime Vilcazán Jefe de Análisis Documental _81 _gALBERTO SANCHEZ Responsable de Automatización |
||